Sports Quiz

Random Sports or Baseball Quiz

MLB Cy Young/MVP Same Season Quiz Stats

 Plays Quiz Updated Feb 22, 2019

Score 0/11 Timer 02:00
5 Plays Today
Year Player Name % Correct
2014Clayton Kershaw
97.1%
2011Justin Verlander
97%
1986Roger Clemens
82.1%
1963Sandy Koufax
78.6%
1992Dennis Eckersley
73.8%
1968Bob Gibson
73.1%
1981Rollie Fingers
52.1%
1971Vida Blue
49.1%
1968Denny McLain
41.8%
1984Willie Hernandez
35.6%
1956Don Newcombe
29.5%

You're not logged in!

Compare scores with friends on all Sporcle quizzes.
OR
Log In

Show Comments

Extras

Top Quizzes Today


Score Distribution

Your Account Isn't Verified!

In order to create a playlist on Sporcle, you need to verify the email address you used during registration. Go to your Sporcle Settings to finish the process.

Report this User

Report this user for behavior that violates our Community Guidelines.

Details: